000 00552nam a2200181Ia 4500
008 151018s9999 xx 000 0 und d
082 _bRBASDV61759
_a891.431
100 _aराजलक्ष्मी शिवहरे
245 _aमणीदीप
250 _b1
260 _bपाथेय
_c2010
300 _a144
600 _aराजलक्ष्मी शिवहरे
630 _aमणीदीप
700 _aराजलक्ष्मी शिवहरे
730 _aमणीदीप
942 _cBOOK
999 _c1055008
_d1055005